| 000 | 01058nam a2200289 i 4500 | ||
|---|---|---|---|
| 003 | EG-GICUC | ||
| 005 | 20260418105726.0 | ||
| 008 | 260418s19531954fr fr|||| 00| 0 fre d | ||
| 040 |
_aEG-GiCUC _bfre _cEG-GiCUC _dEG-GiCUC _eRda |
||
| 041 | _afre | ||
| 082 | 0 | 4 |
_221 _a343 _bST . C |
| 092 | 0 | 4 | _221 |
| 099 | _aLaw1 10 343 ST . C 1953 | ||
| 100 | 1 |
_aStefani, M _eAuteur |
|
| 245 | 1 | 0 |
_aCours De Droit Criminel Approfondi : _bRédigé D'après La Sténotypie Du Cours Et Avec L'autorisation , Diplôme D'études Supérieures, Droit Privé Et Institut De Criminologie (Section De Science Criminelle) 1953-1954. / _cDe M. Stefani |
| 264 | 1 |
_aParis : _b Les Cours de Droit, _c1953-1954 |
|
| 300 |
_a435page ; _c 24 cm. |
||
| 336 |
_2rda contenu _a texte |
||
| 337 |
_2rda medias _aOrdinateur |
||
| 338 |
_2 transporteur rda _a Ressource en ligne |
||
| 546 | _aTexte en français | ||
| 650 | 1 |
_aDroit pénal _2qrmak |
|
| 651 | 1 | _2qrmak | |
| 856 | 4 | 0 | _uhttps://fll.law.cu.edu.eg/fulltext/bks/B10-00267.pdf |
| 905 | _a167 | ||
| 942 |
_2ddc _cBK _e21 _n0 |
||
| 999 |
_c71620 _d71620 |
||